000 00668nam a2200229Ia 4500
003 GCL
008 140319s9999 xx 000 0 ara d
040 _aGCL /
_cGCL
082 0 4 _aط
_b371.32
_bد م
100 1 _aدار المعارف
245 1 0 _aالسيارات /
_cدار المعارف
260 _a[S.N] :
_bدار المعارف للطباعة والنشر ،
_c1992
300 _a35
490 _aالمعارف للاولاد
_v0
650 0 4 _aالسيارات
650 0 4 _aالاطفال
650 0 4 _aالعلوم
650 0 4 _aالشوارع
650 0 4 _aالطائرات التجارية
650 0 4 _aالطائرات
942 _2ddc
_cBK
999 _c58259
_d58259